000 00710nam a22002297a 4500
003 DO-SdBNP
005 20220718135946.0
007 ta
008 220613b2019 dr ||||| |||| 00| 0 spa d
040 _aDO-SdBNP
_bspa
_cBNPHU
082 4 _a158.1
_bH557v
_222
100 1 _aHernández, Silvestre
_981847
245 1 0 _aVuelo de la vida /
_cSilvestre Hernández
260 _aSanto Domingo :
_b[s.n.],
_c2019.
300 _a90 p. ;
_c17 cm.
500 _aIncluye datos biográficos del autor en la contracubierta
590 _aInventariado, 2022/BT
650 4 _aSuperación personal
_910825
650 4 _aTécnicas de autoayuda
_9387
910 _aBtavárez/Validado. Control de calidad MFF
942 _2ddc
_cLBS1
999 _c52019
_d52019